000 00441nam a22001577a 4500
003 MACL
005 20250801115849.0
008 250801b |||||||| |||| 00| 0 eng d
040 _cMACL
082 _a330
100 _aPandey Manohar
_979885
245 _aMAGBOOK Indian Economy For UPSC, State PCS (prelims & Mains) and other Examination
260 _aMeerut (UP)
_bArihant publication
_c2025
650 _aEconomy
942 _2ddc
_cC. BOOKS
999 _c68062
_d68062